[Event "Norm Congress-IM 2018"]
[Site "Saint Louis"]
[Date "2018.02.12"]
[Round "8"]
[White "Stearman, Josiah"]
[Black "Matsenko, Sergei"]
[Result "0-1"]
[WhiteElo "2335"]
[BlackElo "2561"]
[Annotator "TA"]
[PlyCount "90"]
[EventDate "2018.??.??"]
[EventType "schev"]
[EventCountry "USA"]
[SourceTitle "playchess.com"]
[Source "ChessBase"]
[SourceQuality "1"]

{[%evp 11,90,24,20,11,21,12,14,16,14,0,6,0,0,0,0,0,0,-61,0,-12,-9,-33,-27,-42,-34,-45,0,0,0,-20,-20,-16,-15,-13,0,-1,-4,-27,-29,-37,-6,-10,32,-9,-9,-25,-15,-32,-37,-53,0,-50,0,-4,-4,-4,0,0,0,-62,-41,-106,-60,-137,-127,-193,-250,-324,-323,-319,-313,-281,-280,-304,-299,-1017,-980,-1960,-841,-5181,-5113]} 1. e4 e6 2. d4 d5 3. exd5 exd5 4. Nf3 Bg4 5. Bd3 Nc6 6. c3 Qf6 {LiveBook: 4 Partien. C01: Französische Verteidigung (Abtauschvariante)} (6... Bd6 7. O-O Qd7 8. Re1+ Nge7 9. Nbd2 O-O-O 10. b4 Rde8 11. b5 Nd8 12. Qa4 Kb8 13. Ba3 Ne6 14. Ne5 Bxe5 15. dxe5 Bf5 16. Bf1 d4 17. cxd4 Qxd4 18. Nc4 Nc8 19. Qb3 Rd8 20. Rad1 Qh4 {½-½ (20) Pourramezanali,A (2509)-Short,N (2652) Guilan 2016}) 7. Nbd2 {[%cal Bb1d2,Bd2f1,Bf1e3][%mdl 32]} Qe6+ 8. Qe2 Qxe2+ {Die Stellung ist ausgeglichen.} 9. Kxe2 Bd6 $146 ({Vorgänger:} 9... O-O-O 10. Re1 Re8+ 11. Kf1 Rxe1+ 12. Kxe1 Bd6 13. h3 Bd7 14. b4 Nf6 15. a4 Re8+ 16. Kf1 Ne7 17. Ng5 Rf8 18. Nb3 Bf5 19. Bb1 h6 20. Nf3 {0-1 (20) Balaram,M-Champion,C LSS email 2007}) 10. Nf1 O-O-O 11. Bg5 Re8+ 12. Ne3 f6 13. Bh4 Bf4 14. h3 ({Günstiger ist} 14. Rae1 $11) 14... Bh5 (14... Bd7 $5 {[%cal Rg7g5]} 15. Kd1 Bxe3 16. fxe3 Rxe3 $11) 15. g4 Bg6 16. Ne1 Bxd3+ 17. Kxd3 Bxe3 18. fxe3 Nh6 19. Bg3 Nf7 20. Nf3 h5 21. b3 Kd7 22. a3 Ncd8 23. c4 c6 {[%cal Bc7c6,Bc6d5][%mdl 32]} 24. cxd5 cxd5 25. Rac1 {[#] Tc7+ ist eine echte Drohung.} Ne6 26. Nh4 Nfg5 {Droht ...Se4 und aus.} 27. Ng6 {Und Thf1 würde nun gewinnen.} Rh6 28. gxh5 Ne4 29. Rhg1 Rxh5 30. h4 Rd8 (30... Rf5 $15) 31. Nf4 Rf5 32. Nxe6 Kxe6 33. Rc7 $132 {[%mdl 2048] Weiss is not keeping still} Rd7 34. Rxd7 Kxd7 $11 {[%mdl 4096] Endspiel KTL-KTS} 35. Ke2 (35. Be1 $11) 35... Ke6 $15 36. Rg2 (36. a4 $15) 36... Kf7 37. Bf4 (37. a4 $15) 37... Rh5 $17 38. Rh2 (38. Bg3 $17) 38... g5 $19 39. hxg5 Rxh2+ 40. Bxh2 fxg5 {KL-KS} 41. Kf3 Kg6 42. Bc7 Kf5 43. b4 $2 {[#]} (43. Ba5 g4+ 44. Ke2) 43... b5 {Schwarz steht klar auf Gewinn.} 44. Ke2 a6 (44... Kg4 $142 45. Bd8 Kh3 46. Bxg5 Nxg5) 45. Bb8 Kg4 {Precision: Weiß = 35%, Schwarz = 61%.} 0-1

[Event "Norm Congress-IM 2018"]
[Site "Saint Louis"]
[Date "2018.02.12"]
[Round "8"]
[White "Zhou, Qiyu"]
[Black "Jacobson, Brandon"]
[Result "1/2-1/2"]
[WhiteElo "2230"]
[BlackElo "2351"]
[Annotator "TA"]
[PlyCount "158"]
[EventDate "2018.??.??"]
[EventType "schev"]
[EventCountry "USA"]
[SourceTitle "playchess.com"]
[Source "ChessBase"]
[SourceQuality "1"]

{[%evp 15,158,33,36,32,56,30,32,31,42,29,46,3,33,0,15,0,0,4,28,0,17,-27,-22,-41,-38,-36,-40,-25,-21,-29,-19,-20,-15,-44,-27,-60,-8,-58,-20,-36,-33,-45,-8,-9,-6,-19,-22,-22,476,480,479,455,481,446,477,464,525,579,592,585,874,583,568,304,1895,770,2949,1043,1879,961,953,919,853,351,307,165,296,66,478,93,87,45,124,120,86,0,0,0,0,0,0,0,0,0,0,0,0,0,0,0,0,0,0,0,0,0,0,0,0,0,0,0,0,0,0,0,0,0,0,0,0,0,0,0,0,0,0,0,0,0,0,0,0,0,0,0,0,0,0,0,0,0,0,0,0]} 1. e4 c5 2. Nf3 d6 3. Bb5+ Nd7 4. a4 {[%cal Ba2a4,Ba4a5][%mdl 32]} Ngf6 5. Nc3 g6 (5... a6 6. Bc4 Qa5 7. Ra3 e6 8. O-O Be7 9. Re1 O-O 10. d3 Qc7 11. a5 b5 12. axb6 Nxb6 13. e5 dxe5 14. Nxe5 {½-½ (58) Adams,M (2715)-Vachier Lagrave,M (2789) London 2017}) 6. O-O {B51: Sicilian: Moscow Variation (3 Bb5+) without 3...Bd7} Bg7 7. a5 a6 8. Be2 O-O {LiveBook: 4 Games} 9. d3 e6 10. h3 $146 ({Predecessor:} 10. Bf4 Qc7 11. Qd2 Re8 12. Bh6 Bh8 13. Nh4 {0-1 (47) Haenggi,M (2046)-Meier,V (2254) Basel 2015}) 10... b5 11. axb6 $1 Qxb6 12. Ra2 Bb7 13. b3 Qc6 14. Bb2 d5 15. exd5 exd5 16. d4 Ne4 17. Na4 c4 18. c3 Rfe8 19. Bc1 Nb6 {And now ...Nxa4 would win.} 20. Bb2 $1 cxb3 21. Qxb3 Nxa4 22. Rxa4 Nxc3 23. Bxc3 Rxe2 24. Rb1 Bc8 25. Ra5 Be6 (25... Bf5 $15 26. Rba1 Rc8) 26. Rc5 Qd6 27. Kf1 Re4 28. Qb6 Bf8 {Hoping for ...Qxb6.} 29. Rc6 $132 {[%mdl 2048] White is fighting back} Qf4 30. Bd2 $1 {[%cal Rd2f4]} Qf5 $1 31. Rb3 {Threatens to win with Ng5.} Bd7 $2 {[%mdl 8192]} (31... Qh5 $11 {and Black is okay.} 32. Kg1 a5) 32. g4 $18 Rxg4 33. hxg4 Qxg4 34. Ne5 $1 {[%cal Re5g4]} Qd1+ 35. Kg2 Bf5 36. Bf4 Be4+ 37. Nf3 a5 38. Rc1 Qe2 {If only Black now had time for ...a4....} 39. Re3 Qa2 $2 (39... Qa6 40. Qxa6 Rxa6) 40. Kg3 (40. Qc6 $142) 40... h6 41. Ne5 (41. Qc6 $142 g5 42. Be5 Re8 43. Qxe8 Qd2 44. Nxd2 Bf5 45. Bd6 Kg7 46. Qxf8+ Kf6 47. Qxh6+ Bg6 48. Qh8+ Kf5 49. Qe5#) 41... Bg7 42. Qb7 Rf8 43. Rc8 Rxc8 44. Qxc8+ (44. Qxf7+ $142 Kh8 45. Rxe4 $1 {[%mdl 512]}) 44... Kh7 45. Qh3 ({Stronger than} 45. Nxf7 Qb1 $11) (45. Nf3 $142) 45... Qa1 (45... Qb1 {keeps fighting.} 46. Nf3 f6) 46. Qh2 $2 (46. Nf3 $18) 46... f6 $2 {[%mdl 8192] [#]} (46... g5 $1 $14 47. Bxg5 Bxe5+ 48. dxe5 Qxe5+ 49. f4 Qg7) 47. Nf3 $2 (47. Bxh6 $1 $18 {[%mdl 512] and the rest is easy.} Bxh6 48. Ng4) 47... g5 $16 48. Bxg5 Bxf3 (48... fxg5 $14 49. Nxg5+ Kg6 50. Nxe4 Bxd4) 49. Bxh6 Bxh6 50. Re7+ ({White should try} 50. Rxf3 $16 Kg6 51. Kg2 Qxd4 52. Qg3+ Kf7 53. Qc7+ Ke6 54. Qc6+ (54. Qxa5 Qg4+ 55. Rg3 Qe4+ 56. Kf1 Bf4 $16) 54... Ke7 55. Qc7+ Ke6 56. Qxa5) 50... Kg6 $11 {The position is equal.} 51. Kxf3 {[%mdl 4096] Endgame KQR-KQB} Qa3+ ({Don't play} 51... Qxd4 52. Qg3+ Bg5 53. Kg2 $16) 52. Re3 $1 {[%cal Re3a3]} Bxe3 53. fxe3 {KQ-KQ} Qe7 54. Qg2+ Kf7 {...Qe4+ is the strong threat.} 55. Qa2 Qe4+ 56. Kf2 Ke6 (56... Qh4+ {with more complications.} 57. Kg2 Qg4+ 58. Kf2 Qf5+ 59. Kg3 Qg5+) 57. Qxa5 Kf5 {Strongly threatening ...Qh4+.} 58. Qd2 Qh4+ 59. Ke2 Qh5+ 60. Kd3 Qf3 61. Qe1 Qe4+ 62. Kd2 Qg2+ 63. Kd3 Kg4 64. Qd1+ Qf3 65. Qg1+ Kf5 66. Kd2 Qg4 67. Qh1 Ke6 68. Qf1 Qe4 69. Qa6+ Kf5 70. Qc8+ Qe6 71. Qh8 {Intending Qh3+ and mate.} Kg4 (71... Qd6 {feels hotter.} 72. Qh7+ Ke6 73. Qg6 Qh2+ 74. Kc3 Qc7+) 72. Qh1 Qd6 73. Qg2+ Kf5 74. Qh3+ Kg5 75. Qg2+ Kh6 76. Qh3+ Kg7 77. Qg4+ Kf8 78. Qh5 Kg7 79. Qg4+ Kf8 {Precision: White = 38%, Black = 43%.} 1/2-1/2

[Event "Norm Congress-IM 2018"]
[Site "Saint Louis"]
[Date "2018.02.12"]
[Round "8"]
[White "Colas, Joshua"]
[Black "Turgut, Tansel"]
[Result "1-0"]
[WhiteElo "2207"]
[BlackElo "2224"]
[Annotator "TA"]
[PlyCount "95"]
[EventDate "2018.??.??"]
[EventType "schev"]
[EventCountry "USA"]
[SourceTitle "playchess.com"]
[Source "ChessBase"]
[SourceQuality "1"]

{[%evp 11,95,-25,-31,-34,-38,-62,-67,-76,-52,-72,-77,-77,-69,-70,-60,-69,-50,-80,-52,-77,-66,-73,-51,-79,-58,-62,-48,-56,-56,-53,-52,-51,-44,-65,-45,-71,-67,-61,-60,-106,-106,-103,-95,-248,-100,-191,-83,-162,-70,-107,-104,-114,-66,-109,-72,-110,129,137,137,144,143,131,131,110,126,11,49,46,0,0,17,27,217,198,287,292,2045,1822,29991,659,546,251,29994,29973,29994,29995]} 1. Nf3 d5 2. b3 c5 3. Bb2 Nc6 4. e3 a6 5. c4 (5. d4 cxd4 6. Nxd4 Nf6 7. Nxc6 bxc6 8. Nd2 e6 9. Bd3 Be7 10. O-O O-O 11. c4 a5 12. Qc2 h6 13. Nf3 Ba6 {1-0 (91) Nakamura,H (2792)-Caruana,F (2807) Saint Louis 2017}) 5... d4 6. exd4 {A06: Réti Opening:1 Nf3 d5} cxd4 {LiveBook: 5 Games} 7. d3 e5 8. Be2 {Black is slightly better.} Nf6 9. O-O Bd6 10. a3 a5 11. Nbd2 h6 12. Re1 O-O 13. Bf1 $146 Re8 14. Qc2 Bc5 15. g3 Bf5 16. Bg2 g5 (16... Bh7 {is interesting.} 17. h3 Qe7 18. Nh4 Qd7 19. g4 g5) 17. Ne4 Nxe4 18. dxe4 Be6 19. Red1 Qd7 20. Ne1 f6 21. Nd3 b6 22. Qd2 Qe7 23. Kh1 Kg7 24. f4 Bd6 25. f5 Bf7 26. Rdc1 Rec8 27. Nf2 $2 (27. a4 $17 {was called for.}) 27... Ra7 (27... a4 $19 {is more deadly.} 28. b4 Nxb4 $1 {[%mdl 512]} 29. Bxd4 exd4) 28. Bf1 (28. Qc2 $17) 28... Rac7 (28... a4 $19 {and Black stays clearly on top. Hoping for ...Na5.} 29. b4 Nxb4 $1 {[%mdl 512]}) 29. Bd3 {[#]} (29. h4 $17 {keeps fighting.}) 29... Nb8 ({Better is} 29... a4 $1 $19 {[%cal Ra4b3][%mdl 512]} 30. b4 (30. bxa4 Na5) 30... Nxb4 $1 {[%mdl 512]} 31. axb4 Bxb4) 30. a4 Bb4 31. Qe2 Na6 32. Rab1 Be8 33. Rg1 Ba3 $2 {[#]} (33... h5 $17 {and life is bright.} 34. Bc2 Bd6) 34. c5 $1 $16 {[%cal Rc5b6][%mdl 512]} Bxb2 (34... Bxc5 35. Bxa6) 35. Bxa6 Ba3 36. Bxc8 ({Reject} 36. cxb6 $6 Rc2 $11) 36... Rxc8 37. cxb6 Qb7 38. h4 ({White must play} 38. Ra1 $16 Bb4 39. Rgc1) 38... Qxb6 39. hxg5 hxg5 40. Kg2 Rc3 41. Rh1 {Black must now prevent Rh3.} d3 $2 (41... Qc6 $11 {and Black has nothing to worry.}) 42. Nxd3 $18 Qd4 (42... Bf7 {is a better defense.} 43. Nf2 Bc5) 43. Rbd1 Bc6 $2 (43... Bc5 44. Nxc5 Qxc5) 44. Nf2 Qe3 {[#]} 45. Qxe3 (45. Rh7+ $142 $1 {[%mdl 512]} Kg8 (45... Kxh7 46. Qh5+) 46. Rh8+ $1 {[%mdl 512]} Kg7 47. Qxe3 Rxe3 48. Rdh1 Bxe4+ 49. Nxe4 Re2+ 50. Kf3 Rf2+ 51. Kxf2 Bc5+ 52. Nxc5 g4 53. R1h7#) 45... Rxe3 {[#]} 46. Rd8 (46. b4 $142 $1) 46... g4 $2 (46... Rxe4 $18 47. Nxe4 Bxe4+ 48. Kh2 Bxf5) 47. Rc8 Rc3 48. Rch8 {Precision: White = 33%, Black = 35%.} 1-0

[Event "Norm Congress-IM 2018"]
[Site "Saint Louis"]
[Date "2018.02.13"]
[Round "9"]
[White "Matsenko, Sergei"]
[Black "Wang, Justin"]
[Result "1/2-1/2"]
[WhiteElo "2561"]
[BlackElo "2368"]
[Annotator "TA"]
[PlyCount "143"]
[EventDate "2018.??.??"]
[EventType "schev"]
[EventCountry "USA"]
[SourceTitle "playchess.com"]
[Source "ChessBase"]
[SourceQuality "1"]

{[%evp 14,143,25,22,29,21,41,19,44,39,44,34,34,33,54,54,64,4,4,7,18,-7,-5,-35,-33,-40,-34,-68,-38,-47,-56,-50,0,-35,0,-3,4,4,4,0,0,0,43,43,59,43,57,43,43,43,43,43,43,43,43,43,43,43,57,57,59,59,59,59,59,59,59,59,59,59,59,59,59,59,60,60,60,61,61,57,61,61,61,61,61,18,12,0,61,61,61,61,61,62,62,29,54,61,67,67,120,75,75,75,75,68,68,68,68,68,75,75,75,75,76,75,75,75,75,75,75,75,75,60,68,69,76,69,76,76,76,69]} 1. Nf3 Nf6 2. c4 e6 3. g3 a6 4. Bg2 b5 5. b3 Bb7 6. O-O d5 {A13: English Opening: 1...e6} (6... g6 7. Nc3 b4 8. Na4 a5 9. Bb2 d6 10. Rc1 Bg7 11. c5 d5 12. c6 Bxc6 13. Nc5 O-O 14. Ne5 {½-½ (32) Artemiev,V (2696)-Rakhmanov,A (2654) Sochi 2017}) 7. cxd5 exd5 8. d4 {LiveBook: 3 Games} Bd6 {The position is equal.} 9. Nh4 $146 ({Predecessor:} 9. Bf4 Ne4 10. Qc2 Nd7 11. Nc3 f5 12. Rac1 O-O {0-1 (34) Vlaic,B (2223)-Kurajica,B (2518) Sibenik 2015}) 9... Qd7 10. Qc2 Nc6 11. Nf5 O-O {[#] ...Nb4 is the strong threat.} 12. Nxd6 cxd6 13. Nc3 Rac8 14. Qd3 Rfe8 15. Bg5 (15. Nxd5 $2 Nxd5 16. Bxd5 Nb4 $17) ({White should play} 15. Bd2 $14) 15... Ne4 $1 $36 {[%mdl 2048] Black is more active.} 16. Nxe4 dxe4 17. Qd2 h6 18. Be3 Ne7 19. Rfc1 Nd5 20. h4 f5 21. Bh3 Rxc1+ 22. Rxc1 Rc8 23. Bf4 Rxc1+ 24. Qxc1 h5 25. Bd2 g6 26. Ba5 e3 27. fxe3 {[#] And now e4! would win.} Qe7 28. Bg2 Kg7 29. Bf3 Kf7 30. Kf2 Nf6 31. Qc7 Ne4+ 32. Bxe4 Qxc7 $1 33. Bxc7 Bxe4 34. Bxd6 $14 {[%mdl 4096] Endgame KB-KB} Ke6 35. Bc5 Kd5 36. Ke1 Bb1 37. Kd2 Be4 38. Kc3 Bb1 39. Bb6 Kc6 40. Ba5 Kd5 41. Bd8 Kc6 42. Be7 Kd5 43. Bg5 Kc6 44. Kb4 Bxa2 45. e4 $1 a5+ $1 46. Kc3 Bb1 47. d5+ Kd6 48. Bf4+ Kc5 49. Be3+ (49. d6 $5 {[%cal Rd6d7]} Kc6 50. e5 $14) 49... Kd6 50. Bf4+ Kc5 51. d6 {Black must now prevent d7.} Kc6 $1 52. e5 {Threatening mate with e6.} Kd7 53. Bc1 Kc6 54. Kd4 Ba2 55. Bd2 Bxb3 56. Bxa5 Kd7 ({Black should try} 56... Be6 $14) 57. Ke3 Be6 58. Kf4 {Hoping for Kg5.} Ke8 59. Kg5 Kf7 60. Bb4 Bd7 61. Ba3 Be6 62. Kf4 Bd7 63. Ke3 Ke6 64. Kd4 Bc6 65. Kc5 Bd7 66. Bb2 Be8 67. Bc3 Bd7 68. Kb6 Be8 69. Kc7 Bd7 70. Kd8 Bc6 71. Bd2 Bd7 72. Bb4 {Precision: White = 69%, Black = 75%.} 1/2-1/2

[Event "Norm Congress-IM 2018"]
[Site "Saint Louis"]
[Date "2018.02.13"]
[Round "9"]
[White "Banawa, Joel"]
[Black "Zhou, Qiyu"]
[Result "1-0"]
[WhiteElo "2401"]
[BlackElo "2230"]
[Annotator "TA"]
[PlyCount "73"]
[EventDate "2018.??.??"]
[EventType "schev"]
[EventCountry "USA"]
[SourceTitle "playchess.com"]
[Source "ChessBase"]
[SourceQuality "1"]

{[%evp 19,73,31,40,37,54,50,59,33,41,48,42,37,51,36,39,43,38,43,150,54,60,33,118,0,277,271,298,298,290,290,281,280,286,272,272,267,372,358,358,359,327,307,345,301,618,643,833,831,830,794,824,823,824,797,941,927]} 1. c4 e5 2. g3 Nc6 3. Bg2 Bc5 4. Nc3 a6 5. e3 d6 6. Nf3 {A25: English Opening vs King's Indian with ...Nc6 but without early d3} Ba7 7. O-O Nge7 8. d4 exd4 9. Nxd4 Nxd4 10. exd4 O-O {LiveBook: 7 Games} 11. b3 Nf5 12. Ne2 Rb8 $146 13. a4 Re8 14. Bb2 Qg5 15. Qd3 Bd7 16. h4 $36 {[%mdl 2048] Black is under pressure.} Qf6 17. Bc3 h5 18. Rae1 b5 {[#]} (18... c6 $14) 19. axb5 (19. c5 $1 $16) 19... axb5 $14 20. Ra1 Bb6 {[#]} ({Better is} 20... b4 $1 $14) 21. c5 (21. Ra2 $1 $16 {c5! is the strong threat.} bxc4 22. bxc4) 21... Qe7 $2 {[%mdl 8192]} (21... b4 $1 $11) 22. cxb6 $18 Qxe2 23. Qxe2 Rxe2 24. bxc7 Rc8 25. Ba5 Nxd4 26. Rad1 Nf5 27. Rfe1 Rce8 28. Rxe2 Rxe2 {[#]} 29. Bc6 $1 {[%mdl 512]} Bc8 (29... Bxc6 30. c8=Q+) 30. b4 Re5 31. Bb6 Kf8 $2 (31... f6 32. f3 Kf7) 32. Ra1 {White is clearly winning.} Ke7 33. Ra8 Re1+ 34. Kh2 Rc1 35. Rxc8 {White threatens Re8+ and mate.} Rxc6 36. Rd8 d5 37. c8=Q {Precision: White = 74%, Black = 33%.} 1-0

[Event "Norm Congress-IM 2018"]
[Site "Saint Louis"]
[Date "2018.02.13"]
[Round "9"]
[White "Torres Rosas, Luis Carlos"]
[Black "Stearman, Josiah"]
[Result "0-1"]
[WhiteElo "2370"]
[BlackElo "2335"]
[Annotator "TA"]
[PlyCount "142"]
[EventDate "2018.??.??"]
[EventType "schev"]
[EventCountry "USA"]
[SourceTitle "playchess.com"]
[Source "ChessBase"]
[SourceQuality "1"]

{[%evp 15,142,34,39,39,55,50,45,19,26,-6,43,37,30,30,38,37,33,16,27,-29,-25,-28,-31,-35,-8,-12,-10,-34,-46,-44,16,27,52,47,58,43,42,67,95,18,27,11,10,2,27,0,0,0,0,0,0,0,0,0,0,0,0,0,0,0,-1,-18,-18,-18,-18,-18,-18,-18,-18,-18,-18,-18,-18,-18,-18,-18,-18,-18,0,0,0,0,0,0,0,0,0,0,0,0,0,0,0,0,0,0,0,0,27,0,0,-81,-65,-564,-531,-464,-219,-180,-177,-443,-445,-434,-351,-862,-465,-432,-391,-418,-400,-483,-400,-29985,-29983,-29984,-29983,-29976,-1542,-1242,-1194]} 1. d4 d5 2. c4 c6 3. Nf3 Nf6 4. e3 Bf5 5. Nc3 e6 6. Nh4 Be4 7. f3 Bg6 8. Qb3 Qc7 9. Bd2 {D12: Slav Defence: 3 Nf3 Nf6 4 e3 Bf5} a6 (9... Be7 10. g3 Nbd7 11. cxd5 exd5 12. O-O-O a5 13. Nxg6 hxg6 14. Qc2 a4 15. e4 a3 16. e5 axb2+ {0-1 (59) Le,Q (2737)-Mamedov,R (2709) Huaian 2017}) 10. c5 Nbd7 {[%cal Bb8d7,Bd7b6,Bb6c4][%mdl 32]} 11. Nxg6 $146 {White is slightly better.} ({Predecessor:} 11. Na4 Be7 12. O-O-O Bd8 13. Be1 Qb8 14. Nxg6 hxg6 15. Kb1 Bc7 16. h3 e5 {1-0 (36) Hebden,M (2518)-Astaneh Lopez,A (2416) Bunratty 2013}) 11... hxg6 12. g3 Nh5 {[#] White must now prevent ...Nxg3!} 13. Bg2 b6 14. cxb6 Nxb6 15. O-O Nc4 16. Qc2 c5 17. b3 ({Better is} 17. Bc1) 17... Nxd2 $11 18. Qxd2 cxd4 19. exd4 Rc8 20. Na4 Ba3 $1 21. Rf2 O-O 22. Bf1 Qa7 (22... a5 $15) 23. b4 Rc7 24. Rb1 $1 $36 {[%mdl 2048] White is pushing.} Rb8 $1 25. Nc5 {Strongly threatening Rb3.} a5 {[%cal Rb8b4]} 26. Na6 $1 {[%cal Ra6b8]} Rxb4 27. Nxb4 (27. Nxc7 $16 Rxb1 28. Nb5 Rxb5 29. Bxb5) 27... Bxb4 28. Qe3 Nf6 {[%cal Bh5f6,Bf6e8,Be8d6,Bd6c4][%mdl 32]} 29. Rb3 Ne8 30. a3 Be7 31. Kg2 Bf6 32. Rd2 Nd6 33. g4 {[%cal Bg3g4,Bg4g5][%mdl 32]} Nc4 34. Bxc4 $1 Rxc4 35. Rbd3 a4 36. g5 Be7 37. f4 Bd6 38. Kf3 Qc7 39. h4 Kh7 40. Rd1 Qc8 41. Kg3 Qb8 42. Kf3 Rc2 {And now ...Bxf4! would win.} 43. R1d2 Rc7 44. Rd1 Rc4 45. R1d2 Rc1 46. Rd1 $1 {[%cal Rd1c1]} Rxd1 47. Rxd1 {[%mdl 4096] Endgame KQR-KQB} Qb2 48. Rd2 Qb1 49. Kg3 Qf1 50. Rf2 Qd1 51. Rd2 Qc1 52. Rd3 Qf1 53. Rd2 Bc7 54. Rf2 Qg1+ 55. Kf3 Qd1+ 56. Kg3 Bb6 57. Rd2 Qa1 58. Rg2 (58. Rd3 $11 {keeps the balance.}) 58... Bxd4 $17 59. Qd2 $2 {[%mdl 8192]} (59. Qd3 $15) 59... Qxa3+ $19 60. Kg4 Bc5 (60... e5 $142 {Hoping for ...Qb3.} 61. Rh2 e4) 61. Rg3 Qa1 {...f5+ is the strong threat.} 62. h5 $2 (62. Qc2 {was the only defense.} Qd4 63. h5) 62... gxh5+ 63. Kxh5 Qb1 64. Rh3 $2 (64. Qd3+ Qxd3 65. Rxd3) 64... Qf5 {[%cal Rf5h3]} 65. Kh4 {Now Kg3+ and White clings on.} Kg6 66. Kg3 {aiming for Qe2.} e5 {[%cal Be6e5,Be5f4][%mdl 32] Threatens to win with ...a3.} 67. Rh4 exf4+ 68. Kf3 {[#]} (68. Qxf4 $19 a3 69. Qxf5+ Kxf5 70. Ra4) 68... Qe4+ 69. Kg4 Qe6+ 70. Kf3 Qe3+ (70... Be3 $142 71. Qb4 Kxg5 72. Rxf4 Qh3+ 73. Ke2 Bxf4 74. Qc5 a3 75. Qxd5+ Qf5 76. Qd8+ Qf6 77. Qa8 Qb2+ 78. Kd3 a2 79. Qa7 a1=Q 80. Qxa1 Qxa1 81. Kc4 Qa4+ 82. Kc3 Qe4 83. Kb3 Bd2 84. Ka2 Qc2+ 85. Ka3 Qb1 86. Ka4 Qb4#) 71. Qxe3 Bxe3 {Precision: White = 47%, Black = 59%.} ({And not} 71... fxe3 72. Rxa4 Kxg5 73. Ra5 $11) 0-1

[Event "Norm Congress-IM 2018"]
[Site "Saint Louis"]
[Date "2018.02.13"]
[Round "9"]
[White "Jacobson, Brandon"]
[Black "Colas, Joshua"]
[Result "1-0"]
[WhiteElo "2351"]
[BlackElo "2207"]
[Annotator "TA"]
[PlyCount "95"]
[EventDate "2018.??.??"]
[EventType "schev"]
[EventCountry "USA"]
[SourceTitle "playchess.com"]
[Source "ChessBase"]
[SourceQuality "1"]

{[%evp 14,95,37,37,39,43,56,37,32,30,26,18,27,32,32,25,35,14,25,12,14,9,9,14,29,38,47,33,35,37,46,20,38,31,41,35,36,35,28,29,22,35,36,13,22,24,27,25,27,8,13,0,102,61,61,57,145,135,130,137,141,103,440,474,463,452,441,441,570,569,572,577,570,567,645,643,774,766,696,643,1448,1288,5110,4102]} 1. e4 c5 2. Nf3 e6 3. d4 cxd4 4. Nxd4 a6 5. Nc3 Qc7 6. Qg4 {B43: Sicilian: Kan Variation: 5 Nc3} (6. Be2 Nf6 7. O-O Be7 8. f4 d6 9. Kh1 O-O 10. Be3 Nc6 11. Qe1 Nxd4 12. Bxd4 b5 13. Qg3 Bb7 14. a3 Rad8 15. Bd3 Rfe8 16. Rae1 Qd7 17. Nd1 Nh5 18. Qg4 e5 19. Qxh5 exd4 20. Nf2 g6 21. Qh6 Bf8 22. Qh4 Be7 {1-0 (63) Kravtsiv,M (2672)-Fedorchuk,S (2648) Riadh 2017}) 6... Nf6 7. Qg3 Qxg3 8. hxg3 {LiveBook: 12 Games. White is slightly better.} Nc6 9. Nxc6 dxc6 $146 ({Predecessor:} 9... bxc6 10. e5 Ng4 11. Bf4 f6 12. exf6 Nxf6 13. f3 a5 {1-0 (23) Damia,A (2242)-Maksimovic,D (2441) Novi Sad 2016}) 10. f3 e5 11. Be3 Be6 12. g4 {[%cal Bg3g4,Bg4g5][%mdl 32]} O-O-O 13. g5 Nd7 14. Kf2 Be7 15. g3 f6 16. gxf6 Nxf6 17. Bh3 Bxh3 18. Rxh3 Rhf8 {Strongly threatening ...Ng4+.} 19. Ke2 h6 20. Nd1 Nh7 21. Nf2 Bg5 {Hoping for ...Bxe3.} 22. Rh2 Kc7 23. Nd3 Bxe3 24. Kxe3 Rde8 25. a4 a5 26. c3 {[%cal Bc2c3,Bc3c4,Bc4c5][%mdl 32]} Ng5 27. Rf2 Nf7 28. Rd1 Nd6 29. b3 {[%cal Bb2b3,Bb3b4][%mdl 32]} b6 30. Rfd2 Rf6 31. c4 Nb7 32. c5 b5 (32... Nxc5 $11 {remains equal.} 33. Nxc5 bxc5) 33. axb5 cxb5 34. b4 Rf7 (34... Rfe6 $14) 35. Ra1 $36 {[%mdl 2048] Keeping Black busy.} a4 {[#]} 36. f4 $1 exf4+ 37. Nxf4 ({But not} 37. gxf4 $6 Nd8 $11) 37... Kc6 $2 {[%mdl 8192] [#]} (37... Re5 $16 {is a better chance.}) 38. Ne2 $1 $18 {White is clearly winning.} Rd7 39. Rxd7 ({Weaker is} 39. Nd4+ Rxd4 40. Rxd4 Rh8 $18) 39... Kxd7 {[%mdl 4096] Endgame KRN-KRN} 40. Nd4 Nd8 41. Nxb5 Nc6 42. Rd1+ Ke7 43. Nd6 Ra8 44. b5 Nb4 45. Kd2 a3 46. Kc3 a2 47. Ra1 Na6 48. Rxa2 {Precision: White = 72%, Black = 52%.} 1-0